000 00924nam a2200253 4500
001 6129
010 _a978-3-905315-87-5
090 _a6129
100 _a20260701d u||y0frey50 ba
101 _afre
_ager
200 _aLes saisonniers.ères en Suisse
_dSaisonarbeitende in der Schweiz : Arbeit, Migration, Fremdenfeindlichkeit und Solidarität
_eTravail, migration, xénophobie et solidarité
_fMarc Gigase
_fYan Schubert
_h3
_itraverse. Revue d'histoire
210 _aZürich
_cChronos
_d2022
215 _a212 p.
_cill.
_d23 cm.
300 _aCertains textes sont en français et d'autres en allemand.
606 _91605
_aDroits des immigrés
606 _9158
_aStatut de saisonnier
606 _91063
_aMigration
606 _9816
_aTravail
606 _91057
_aMouvement ouvrier
606 _91158
_aRacisme
607 _9414
_aSuisse
701 _97061
_aGigase
_bMarc
701 _97062
_aSchubert
_bYan
801 _aCH
_bCH-001784-0